000 00282nam a22001337a 4500
008 170308b xxu||||| |||| 00| 0 eng d
020 _a9781564589927
041 _aeng
080 _a611
100 _a6
101 _aSHM
245 _aTHE HUMAN BODY
_cCLAYMAN, CH
942 _2udc
_cBK
999 _c7232
_d7232